CORPORATE social responsibility
Guardat en:
| Format: | Llibre |
|---|---|
| Idioma: | anglès |
| Publicat: |
SAGE
2015
|
| Etiquetes: |
Afegir etiqueta
Sense etiquetes, Sigues el primer a etiquetar aquest registre!
|
MARC
| LEADER | 00000nam a22000007a 4500 | ||
|---|---|---|---|
| 008 | 201216b ||||| |||| 00| 0 eng d | ||
| 020 | |a 978-0-85702-245-5 | ||
| 245 | |a CORPORATE social responsibility |c edited by Esben Rahbek Gjerdrum Pedersen |g xiv, 296p.; ill | ||
| 250 | |c Pedersen, Esben Rahbek Gjerdrum | ||
| 260 | |b SAGE |c 2015 |h Los Angeles |i 693439 |i 693440 |l HD60 .C81 |m Social responsibility of business | ||
| 500 | |a ''It includes references and index”. | ||
| 942 | |a lcc |c BK |e O.A.JOHNSON |f 16/12/20 | ||
| 952 | |0 0 |1 0 |2 lcc |4 0 |6 HD0060 C81 |7 0 |9 601 |a HOL |b MPL |c GJ |d 2020-12-16 |l 0 |o HD60 .C81 |p 2020-22920 |r 2020-12-16 00:00:00 |w 2020-12-16 |y BK | ||
| 952 | |0 0 |1 0 |2 lcc |4 0 |6 HD0060 C81 |7 0 |9 602 |a HOL |b HOL |c GJ |d 2020-12-16 |l 0 |o HD60 .C81 |p 2020-22921 |r 2020-12-16 00:00:00 |w 2020-12-16 |y BK | ||
| 999 | |c 336 |d 336 | ||